Statistics for Flags of Dutch Provinces

Click here to take the quiz!

General Stats

  • This quiz has been taken 216 times
  • The average score is 10 of 12

Answer Stats

Answer% Correct
Fryslân
97%
Zeeland
90%
Zuid-Holland
89%
Groningen
85%
Limburg
84%
Utrecht
82%
Noord-Holland
81%
Noord-Brabant
80%
Drenthe
78%
Flevoland
78%
Overijssel
78%
Gelderland
76%

Score Distribution

Percentile by Number Answered

Percent of People with Each Score

Your Score History

You have not taken this quiz